Datum a čas kvízu
32
Celkem bodů
Celkový počet nahraných bodů na tomto kvízu bez doplňovacích otázek.
10.
Pořadí na kvízu
Konečné umístění týmu na tomto kvízu.
Zaznamenané odpovědi
| # | Otázka | Odpověď | Body | Výsledky |
|---|---|---|---|---|
| 1. | Jak se jmenuje funkcionář, jem... | Josef Středula | 1 | |
| 2. | Na mezinárodní vesmírnou stani... | americká (3 členové), ruská (1 člen) | 0.5 | |
| 3. | V sobotu večer se v pražském R... | Simona Peková, Přišla v noci | 1 | |
| 4. | Od středy minulého týdne je za... | HHC | 1 | |
| 5. | Do kterého týmu minulý týden v... | Vegas Golden Knights | 1 | |
| 6. | Začneme prvním českým králem p... | Přemysl Otakar II., 1278 | 0 | |
| 7. | Další „slavnou“ prohrou, která... | stoletá válka | 0 | |
| 8. | Za naši slavnou prohru lze ozn... | D | 0 | |
| 9. | Bitva na Bílé hoře zpečetila o... | listopad 1620 | 1 | |
| 10. | Mnichovská dohoda je typickým... | appeasement | 0 |